Word Ladder: Cheers Bartender Quiz Stats

 Plays Quiz Updated Apr 9, 2019

Score 0/10 Timer 00:45
0 Plays Today
Hint 3-Letter Word % Correct
⚬ Opposite of night ⚬⚬ DAY ⚬
97.2%
⚬ Fifth month of the Gregorian calendar ⚬⚬ MAY ⚬
92.6%
Woman's formal title, in shortM'AM
78.3%
⚬ A single unit ⚬⚬ ONE ⚬
74.4%
⚬ Cowboy and Western actor Elliot ⚬⚬ SAM ⚬
64.2%
Abu Dhabi's countryUAE
58%
'A' to a Frenchman (fem.)UNE
54%
Indian lentil stewDAL
52.1%
⚬ 'Evil' or 'Wrong' to a Spaniard ⚬⚬ MAL ⚬
48.4%
NASA astronaut JemisonMAE
38%

Today's Daily Dose

Missing Word
1940s A-Z

Quick Pick
'S' Athletes

Get the Picture
Depp or Bonham Carter

You're not logged in!

Compare scores with friends on all Sporcle quizzes.
OR
Log In

Sporcle TV

Today on Sporcle TV


Watch our educational content, quiz creation guides, and fun videos on Sporcle TV.

Show Comments

Extras

Top Quizzes Today


Score Distribution

Your Account Isn't Verified!

In order to create a playlist on Sporcle, you need to verify the email address you used during registration. Go to your Sporcle Settings to finish the process.

Report this User

Report this user for behavior that violates our Community Guidelines.

Details: